Central Library OPAC University of Rajshahi

Calculating instruments and machines / (Record no. 66740)

MARC details
000 -LEADER
fixed length control field 00720nam a2200229 a 4500
001 - CONTROL NUMBER
control field 66740
003 - CONTROL NUMBER IDENTIFIER
rucl marc code BD-RjUL
005 - DATE AND TIME OF LATEST TRANSACTION
control field 20211209081555.0
008 - FIXED-LENGTH DATA ELEMENTS--GENERAL INFORMATION
fixed length control field 170319s1950 us a b 001 0 eng d
035 ## - SYSTEM CONTROL NUMBER
System control number (BD-RjUL)66871
040 ## - CATALOGING SOURCE
Original cataloging agency BD-RjUL
Language of cataloging eng
Transcribing agency BD-RjUL
041 ## - LANGUAGE CODE
Language code of text/sound track or separate title eng
082 ## - DEWEY DECIMAL CLASSIFICATION NUMBER
Edition number 23
Classification number 681.145
Author mark and year HAC 1950
100 1# - MAIN ENTRY--PERSONAL NAME
Personal name Hartree, Douglas R.
Fuller form of name (Douglas Rayner),
Dates associated with a name 1897-1958.
9 (RLIN) 26257
245 10 - TITLE STATEMENT
Title Calculating instruments and machines /
Statement of responsibility, etc. Douglas R. Hartree.
260 ## - PUBLICATION, DISTRIBUTION, ETC. (IMPRINT)
Place of publication, distribution, etc. Cambridge :
Name of publisher, distributor, etc. Cambridge University Press,
Date of publication, distribution, etc. 1950.
300 ## - PHYSICAL DESCRIPTION
Pagination ix, 138 p. :
Illustrations ill. ;
Size 26 cm.
504 ## - BIBLIOGRAPHY, ETC. NOTE
Bibliography, etc Includes Index and Bibliography.
650 #0 - SUBJECT ADDED ENTRY--TOPICAL TERM
Topical term or geographic name as entry element Calculators.
9 (RLIN) 197581
Topical term or geographic name as entry element Mathematical instruments.
9 (RLIN) 39216
942 ## - ADDED ENTRY ELEMENTS (KOHA)
Source of classification or shelving scheme Dewey Decimal Classification
Koha item type Books
Holdings
Lost status Source of classification or shelving scheme Damaged status Not for loan Collection code Permanent Location Current Location Shelving location Date acquired Source of acquisition Cost, normal purchase price Total Checkouts Full call number Date last seen Copy number Koha item type
  Dewey Decimal Classification   Not For Loan Non-fiction Central Library, University of Rajshahi Central Library, University of Rajshahi Reading Room 19/10/1962 Zeitlinger 25.00   681.145 HAC 1950 20/03/2017 C-1 Books